| 000 | 00508nam a2200157 a 4500 | ||
|---|---|---|---|
| 001 | 000013787 | ||
| 005 | 20200929163340.0 | ||
| 008 | 091130s1990 dr r 000 0 spa d | ||
| 040 |
_aDO-SdBNP _bspa _cBNPHU |
||
| 082 |
_axxxx _bxxxx |
||
| 245 | 0 | 0 | _aPastoral, mensaje y homilía sobre problemas ecológicos. |
| 260 |
_aSantiago, República Dominicana : _bPontificia Universidad Católica Madre y Maestra, _c1990. |
||
| 300 |
_a69 p. ; _c22 cm. |
||
| 490 | 1 |
_aDocumentos _v144 |
|
| 830 | 0 |
_aDocumentos _n144 _931278 |
|
| 999 |
_c13399 _d13399 |
||